| 000 | 00441cam a2200169ua 4500 | ||
|---|---|---|---|
| 020 | _c2.00 | ||
| 041 |
_aeng _h |
||
| 082 |
_a923.2 _bHEM/DE |
||
| 100 | _aHemendranath, Das Gupta . | ||
| 245 |
_aDeshbandhu Chitaranjan Das / _cHemendranath Das Gupta. _hTextual Documents |
||
| 260 |
_aIndia : _bMinistry of I&B, Govt. of India , _c1960. |
||
| 300 | _a234 ; . | ||
| 365 | _a2.00 | ||
| 504 | _a | ||
| 942 | _cBK | ||
| 999 |
_c6000 _d6000 |
||